书目信息 |
| 题名: |
人工智能大模型
|
|
| 作者: | 段小手 著 | |
| 分册: | 机器学习基础 | |
| 出版信息: | 北京 北京大学出版社 2025.05 |
|
| 页数: | 308页 | |
| 开本: | 26cm | |
| 丛书名: | 人工智能与人类未来丛书 | |
| 单 册: | ||
| 中图分类: | TP18 , TP181 | |
| 科图分类: | ||
| 主题词: | 人工智能--ren gong zhi neng--模型 , 机器学习--ji qi xue xi | |
| 电子资源: | ||
| ISBN: | 978-7-301-30818-9 | |
| 000 | 01294nam 2200301 450 | |
| 001 | 95121 | |
| 005 | 20250901193128.60 | |
| 010 | @a978-7-301-30818-9@dCNY129.00 | |
| 100 | @a20250603d2025 em y0chiy50 ea | |
| 101 | 0 | @achi |
| 102 | @aCN@b110000 | |
| 105 | @aa z 000yy | |
| 106 | @ar | |
| 200 | 1 | @a人工智能大模型@Aren gong zhi neng da mo xing@i机器学习基础@d= Artificial intelligence large model@iFundamentals of machine learning@f段小手著@zeng |
| 210 | @a北京@c北京大学出版社@d2025.05 | |
| 215 | @a308页@c图 (部分彩图)@d26cm | |
| 225 | 2 | @a人工智能与人类未来丛书@Aren gong zhi neng yu ren lei wei lai cong shu |
| 330 | @a本书以大学生村官小L的故事为线索, 深入浅出地探讨经典机器学习的基础知识、深度学习的基本原理, 以及形形色色的生成式模型。通过本书的学习, 读者不仅可以了解AI大模型的核心技术, 还能深刻理解其在实际场景中的应用与价值, 甚至可以自己动手设计和构建适用于特定场景的AI模型。 | |
| 410 | 0 | @12001 @a人工智能与人类未来丛书 |
| 510 | 1 | @aArtificial intelligence large model@zeng |
| 517 | 1 | @a机器学习基础@Aji qi xue xi ji chu |
| 606 | 0 | @a人工智能@Aren gong zhi neng@x模型 |
| 606 | 0 | @a机器学习@Aji qi xue xi |
| 690 | @aTP18@v5 | |
| 690 | @aTP181@v5 | |
| 701 | 0 | @a段小手@Aduan xiao shou@4著 |
| 801 | 0 | @aCN@c20250909 |
| 905 | @a河南城建学院图书馆@dTP18@eD935@f1 | |
| 人工智能大模型.机器学习基础= Artificial intelligence large model.Fundamentals of machine learning/段小手著.-北京:北京大学出版社,2025.05 |
| 308页:图 (部分彩图);26cm.-(人工智能与人类未来丛书) |
| ISBN 978-7-301-30818-9:CNY129.00 |
| 本书以大学生村官小L的故事为线索, 深入浅出地探讨经典机器学习的基础知识、深度学习的基本原理, 以及形形色色的生成式模型。通过本书的学习, 读者不仅可以了解AI大模型的核心技术, 还能深刻理解其在实际场景中的应用与价值, 甚至可以自己动手设计和构建适用于特定场景的AI模型。 |
| ● |
| 相关链接 |
|
|
|
正题名:人工智能大模型
索取号:TP18/D935
 
预约/预借
| 序号 | 登录号 | 条形码 | 馆藏地/架位号 | 状态 | 备注 |
| 1 | 1629179 | 216291796 | 自科库301/301自科库 101排8列1层/ [索取号:TP18/D935] | 在馆 |